Super Bowl Ad Meter Champions Quiz Stats

Quiz not verified by Sporcle

Challenge
Share
Tweet
Embed
Score 0/22 Timer 02:00
0 Plays Today
Year Super Bowl Ad Brand % Correct
1994Pepsi-Cola
91.7%
1995Pepsi-Cola
91.7%
1996Pepsi-Cola
91.7%
1997Pepsi-Cola
91.7%
1998Pepsi-Cola
91.7%
2009Doritos
85.1%
1999Budweiser
84.5%
2000Budweiser
84.5%
2003Budweiser
84.5%
2007Budweiser
84.5%
2008Budweiser
84.5%
Year Super Bowl Ad Brand % Correct
2001Bud Light
82.9%
2002Bud Light
82.9%
2004Bud Light
82.9%
2005Bud Light
82.9%
2006Bud Light
82.9%
1990Nike
60.8%
1992Nike
60.8%
1993McDonald's
59.7%
2010Mars
34.8%
1991Diet Pepsi
30.9%
1989American Express
28.7%

You're not logged in!

Compare scores with friends on all Sporcle quizzes.
Join for Free
OR
Log In

You Might Also Like...

Show Comments

Extras

Top Quizzes Today


Score Distribution

Your Account Isn't Verified!

In order to create a playlist on Sporcle, you need to verify the email address you used during registration. Go to your Sporcle Settings to finish the process.

Report this User

Report this user for behavior that violates our Community Guidelines.

Details: